[Event "FBL 1"]
[Site "Deutschland"]
[Date "2010.03.13"]
[Round "8.5"]
[White "Lehmann, Christina"]
[Black "Umpfenbach, Carolin"]
[Result "0-1"]
[WhiteElo "2095"]
[BlackElo "2122"]
[PlyCount "122"]
[EventDate "2009.11.07"]
[EventType "team"]
[EventCountry "GER"]
[WhiteTeam "SK Großlehna"]
[BlackTeam "SV Medizin Erfurt"]

1. d4 e6 2. c4 f5 3. Nf3 Nf6 4. g3 b6 5. Bg2 Bb7 6. O-O Be7 7. Nc3 O-O 8. Qc2
Na6 9. Rd1 Ne4 10. a3 Nxc3 11. bxc3 d6 12. a4 Be4 13. Qb3 Qd7 14. Ne1 Bxg2 15.
Nxg2 Kh8 16. Ba3 Nb8 17. c5 bxc5 18. dxc5 d5 19. e3 c6 20. Rab1 Na6 21. Qb7
Qxb7 22. Rxb7 Bxc5 23. Bxc5 Nxc5 24. Rc7 Rfc8 25. Rxc8+ Rxc8 26. Rb1 Kg8 27.
Nf4 Kf7 28. Ne2 Kf6 29. a5 e5 30. f4 Rc7 31. Kf2 Rb7 32. fxe5+ Kxe5 33. Rxb7
Nxb7 34. a6 Na5 35. Nd4 c5 36. Nb5 Nc6 37. h3 g6 38. Kf3 h6 39. h4 Ke6 40. Kf4
Kf6 41. Kf3 Ke5 42. Kf2 g5 43. Kf3 g4+ 44. Kf2 Nb8 45. Nxa7 Nxa6 46. Nb5 c4 47.
Ke2 Nc5 48. Kf2 Ne4+ 49. Kg2 h5 50. Kh2 Nd6 51. Nc7 Ke4 52. Kg2 Kxe3 53. Nxd5+
Kd2 54. Nf4 Kxc3 55. Nxh5 Kd2 56. Nf4 c3 57. Ne6 c2 58. Nc5 c1=Q 59. Nb3+ Kd1
60. Nxc1 Kxc1 61. h5 Nf7 0-1

[Event "FBL 1"]
[Site "Deutschland"]
[Date "2010.03.13"]
[Round "8.6"]
[White "Grohmann, Katrin"]
[Black "Nagel, Verena"]
[Result "0-1"]
[WhiteElo "1898"]
[BlackElo "2043"]
[PlyCount "92"]
[EventDate "2009.11.07"]
[EventType "team"]
[EventCountry "GER"]
[WhiteTeam "SV Medizin Erfurt"]
[BlackTeam "SK Großlehna"]

1. e4 e5 2. Nf3 Nc6 3. Bb5 Nf6 4. O-O d6 5. d4 Bd7 6. d5 Ne7 7. Bxd7+ Nxd7 8.
c4 g6 9. b4 a5 10. b5 Nc5 11. Qc2 Bg7 12. Bb2 O-O 13. Nbd2 f5 14. Rae1 Qd7 15.
Ba3 fxe4 16. Ng5 Nd3 17. Rxe4 Nf4 18. g3 Nh3+ 19. Nxh3 Qxh3 20. Bb2 Rf7 21. Re2
Raf8 22. Qe4 Bh6 23. Qg2 Qd7 24. Ne4 Nf5 25. Bc3 Ne3 26. fxe3 Rxf1+ 27. Qxf1
Rxf1+ 28. Kxf1 Qf5+ 29. Nf2 b6 30. Kg2 Qb1 31. Be1 Qc1 32. e4 Qxc4 33. Rb2 Be3
34. Rb3 Bxf2 35. Kxf2 Qxe4 36. Rc3 Qxd5 37. Rxc7 Qxa2+ 38. Kf1 Qxh2 39. Rc6
Qh1+ 40. Kf2 Qd5 41. Rc7 a4 42. Ra7 Qc5+ 43. Ke2 Qxb5+ 44. Kd1 a3 45. Bd2 a2
46. Rxa2 Qb1+ 0-1

[Event "FBL 1"]
[Site "Deutschland"]
[Date "2010.03.14"]
[Round "9.1"]
[White "Michna, Marta"]
[Black "Ovod, Evgenija"]
[Result "1-0"]
[WhiteElo "2366"]
[BlackElo "2419"]
[PlyCount "77"]
[EventDate "2009.11.07"]
[EventType "team"]
[EventCountry "GER"]
[WhiteTeam "Hamburger SK von 1830"]
[BlackTeam "SC Bad Königshofen 1957"]

1. Nf3 d5 2. d3 c5 3. Nbd2 Nc6 4. e4 e5 5. g3 d4 6. Nc4 Qc7 7. a4 b6 8. Bg2
Nge7 9. O-O Ng6 10. Ne1 Be7 11. h4 h5 12. Bf3 Bh3 13. Ng2 Qd7 14. Bd2 O-O-O 15.
Kh2 Kb7 16. Na3 Bg4 17. Be2 Bxe2 18. Qxe2 Bf6 19. a5 Qe7 20. axb6 axb6 21. Nb5
Nf8 22. Ra4 Ra8 23. Rxa8 Kxa8 24. f4 Ne6 25. Ra1+ Kb7 26. c4 Nc7 27. Qd1 g6 28.
Nxc7 Kxc7 29. fxe5 Bxe5 30. Nf4 Kd7 31. Kg2 Rb8 32. Ra6 Bxf4 33. Bxf4 Rb7 34.
Qa4 f5 35. e5 Qe6 36. Ra8 Kc7 37. Rf8 Ne7 38. Qa8 Qc6+ 39. Kf2 1-0

[Event "FBL 1"]
[Site "Deutschland"]
[Date "2010.03.14"]
[Round "9.2"]
[White "Schoene, Maria"]
[Black "Voiska, Margarita"]
[Result "1/2-1/2"]
[WhiteElo "2265"]
[BlackElo "2349"]
[PlyCount "103"]
[EventDate "2009.11.07"]
[EventType "team"]
[EventCountry "GER"]
[WhiteTeam "SC Bad Königshofen 1957"]
[BlackTeam "Hamburger SK von 1830"]

1. e4 c5 2. Nf3 Nc6 3. d4 cxd4 4. Nxd4 e5 5. Nb5 d6 6. N1c3 a6 7. Na3 Be7 8.
Nc4 b5 9. Ne3 Nf6 10. Bd3 O-O 11. O-O Nb4 12. a3 Nxd3 13. Qxd3 Be6 14. Ncd5
Nxd5 15. Nxd5 Rc8 16. c3 f5 17. Rd1 fxe4 18. Qxe4 Bh4 19. Be3 Bf5 20. Qb4 Rc4
21. Qb3 Be4 22. f3 Bxd5 23. Rxd5 Bg5 24. Bf2 e4 25. fxe4 Bf4 26. Rf5 Kh8 27. g3
Be5 28. Qc2 g6 29. Rxf8+ Qxf8 30. Qe2 Qa8 31. Re1 Qc8 32. Qf3 Kg7 33. Rf1 Qe8
34. Be1 Kg8 35. b3 Rc7 36. Bd2 Bg7 37. Qd3 Qe6 38. Rb1 Rc5 39. a4 Re5 40. axb5
axb5 41. Re1 Rc5 42. Ra1 Be5 43. Ra8+ Kf7 44. Qf1+ Qf6 45. Ra7+ Kg8 46. Qh3
Bd4+ 47. cxd4 Qxd4+ 48. Kf1 Qd3+ 49. Kg1 Qd4+ 50. Kf1 Qd3+ 51. Kg1 Qd4+ 52. Kf1
1/2-1/2

[Event "FBL 1"]
[Site "Deutschland"]
[Date "2010.03.14"]
[Round "9.3"]
[White "Gasik, Anna"]
[Black "Blazkova, Petra"]
[Result "1-0"]
[WhiteElo "2189"]
[BlackElo "2178"]
[PlyCount "99"]
[EventDate "2009.11.07"]
[EventType "team"]
[EventCountry "GER"]
[WhiteTeam "Hamburger SK von 1830"]
[BlackTeam "SC Bad Königshofen 1957"]

1. e4 e6 2. d4 d5 3. Nd2 Nf6 4. e5 Nfd7 5. Bd3 c5 6. c3 b6 7. Ne2 Ba6 8. Bxa6
Nxa6 9. O-O Nc7 10. f4 f5 11. b3 Be7 12. Bb2 O-O 13. Kh1 Qe8 14. Rc1 Rc8 15.
Rf3 Nb8 16. Rg3 Nc6 17. Nf1 c4 18. b4 a5 19. a3 Ra8 20. Ne3 Kh8 21. Nc2 Rg8 22.
Qd2 Qh5 23. Rh3 Qf7 24. Rg3 g6 25. Ng1 Qg7 26. Nf3 Nd8 27. Rf1 Nf7 28. Ng5 Rgf8
29. Bc1 Nxg5 30. fxg5 f4 31. Rg4 axb4 32. cxb4 b5 33. Kg1 Rf7 34. h4 Raf8 35.
Rgxf4 Rxf4 36. Rxf4 Rxf4 37. Qxf4 Kg8 38. Ne3 Qf7 39. Qg3 Kg7 40. Ng4 Qf5 41.
Nh6 Qf8 42. Qg4 Bd8 43. h5 Qe8 44. hxg6 Qxg6 45. Qf4 Qh5 46. Ng4 Qh4 47. Bd2
Kg6 48. Qf8 Bxg5 49. Qg8+ Kf5 50. Qf7+ 1-0

[Event "FBL 1"]
[Site "Deutschland"]
[Date "2010.03.14"]
[Round "9.4"]
[White "Mikliaeva, Darja"]
[Black "Hegeler, Anja"]
[Result "0-1"]
[WhiteElo "2162"]
[BlackElo "2181"]
[PlyCount "64"]
[EventDate "2009.11.07"]
[EventType "team"]
[EventCountry "GER"]
[WhiteTeam "SC Bad Königshofen 1957"]
[BlackTeam "Hamburger SK von 1830"]

1. e4 e6 2. d4 d5 3. Nc3 Nc6 4. e5 Qe7 5. Nf3 Bd7 6. Bg5 f6 7. exf6 gxf6 8. Bf4
O-O-O 9. Bb5 Nh6 10. Qd2 Nf5 11. O-O-O Nd6 12. a3 Qf7 13. Rhe1 Kb8 14. Re2 Na5
15. Bxd7 Qxd7 16. Qe1 Nac4 17. Rxe6 Ne4 18. Rxe4 dxe4 19. Nxe4 Qf5 20. Bg3 Bh6+
21. Kb1 Rhe8 22. Qc3 Qb5 23. Nxf6 Re6 24. Ng4 Bf8 25. d5 Rb6 26. b4 a5 27. Ne3
Nxa3+ 28. Qxa3 Bxb4 29. Nd4 Qc5 30. Qa4 Bc3+ 31. Nb3 Rb4 32. Kc1 Rxa4 0-1

[Event "FBL 1"]
[Site "Deutschland"]
[Date "2010.03.14"]
[Round "9.5"]
[White "Berglitz, Regina"]
[Black "Klek, Hanna-Marie"]
[Result "1-0"]
[WhiteElo "2066"]
[BlackElo "2081"]
[PlyCount "93"]
[EventDate "2009.11.07"]
[EventType "team"]
[EventCountry "GER"]
[WhiteTeam "Hamburger SK von 1830"]
[BlackTeam "SC Bad Königshofen 1957"]

1. e4 e5 2. Nf3 Nc6 3. Bc4 Bc5 4. c3 Nf6 5. b4 Bb6 6. d3 a6 7. O-O O-O 8. Bg5
d6 9. Bb3 Be6 10. Bc2 h6 11. Bh4 Bg4 12. Nbd2 g5 13. Bg3 Nh5 14. Kh1 Qf6 15. h3
Be6 16. Nc4 Bxc4 17. dxc4 a5 18. a3 Rad8 19. Nh2 Nf4 20. Ng4 Qg7 21. Qd2 Ne7
22. Ne3 c6 23. Rad1 Kh8 24. Qe1 h5 25. Rd2 Rg8 26. Qd1 Qh6 27. Bb3 Qg6 28. Bc2
Bc7 29. Re1 g4 30. h4 Qf6 31. c5 dxc5 32. bxc5 Rxd2 33. Qxd2 Rd8 34. Qc1 Ne6
35. Rf1 Nxc5 36. f3 gxf3 37. Rxf3 Qg6 38. Nf5 Ng8 39. Bf2 Ne6 40. Rg3 Qf6 41.
Be3 Ne7 42. Bg5 Nxg5 43. hxg5 Qe6 44. g6 Nxf5 45. exf5 Qf6 46. Qh6+ Kg8 47.
gxf7+ 1-0

[Event "FBL 1"]
[Site "Deutschland"]
[Date "2010.03.14"]
[Round "9.1"]
[White "Heinatz, Gundula"]
[Black "Kludacz, Magdalena"]
[Result "1/2-1/2"]
[WhiteElo "2232"]
[BlackElo "2202"]
[PlyCount "228"]
[EventDate "2009.11.07"]
[EventType "team"]
[EventCountry "GER"]
[WhiteTeam "Karlsruher SF 1853"]
[BlackTeam "SAV Torgelow"]

1. Nf3 d5 2. d4 c6 3. c3 Nf6 4. Bg5 Ne4 5. Bh4 Bf5 6. Nbd2 Qb6 7. Qb3 Nd7 8.
Nxe4 Bxe4 9. Nd2 Bg6 10. e3 e6 11. Bg3 Be7 12. Be2 O-O 13. O-O c5 14. Qxb6 Nxb6
15. dxc5 Na4 16. c4 Bf6 17. Bd6 Rfc8 18. cxd5 Bxb2 19. Rac1 Nc3 20. Rxc3 Bxc3
21. Nb3 exd5 22. Rd1 Be4 23. f3 Bf5 24. g4 Be6 25. f4 f6 26. Rc1 Bb4 27. Rb1
Bf7 28. Kf2 a5 29. a4 Rd8 30. Bf3 Rac8 31. Rd1 b6 32. Nd4 Bxc5 33. Bxc5 Rxc5
34. Rb1 Rb8 35. f5 Rc4 36. h3 Rxa4 37. Nc6 Rb7 38. Nd8 Rd7 39. Nxf7 Kxf7 40.
Rxb6 Ra2+ 41. Kg3 Ke7 42. h4 h6 43. g5 hxg5 44. hxg5 fxg5 45. Rg6 Kf8 46. Re6
Ra3 47. Kg4 d4 48. Bc6 Re7 49. Rd6 dxe3 50. Kxg5 Rc7 51. f6 gxf6+ 52. Kxf6 Rf7+
53. Kg6 Rf2 54. Re6 Rg2+ 55. Bxg2 Ra1 56. Rxe3 Rg1 57. Re2 a4 58. Kf6 Rb1 59.
Bh3 Rb3 60. Bg4 Rb6+ 61. Be6 Ke8 62. Rc2 Rb8 63. Rc7 Kd8 64. Rd7+ Kc8 65. Ra7+
Kd8 66. Rxa4 Kc7 67. Ke7 Rb2 68. Rc4+ Kb6 69. Kd6 Rd2+ 70. Bd5 Kb5 71. Rc3 Kb4
72. Rb3+ Ka4 73. Rb8 Ka3 74. Kc5 Rc2+ 75. Bc4 Rc3 76. Kd4 Rc1 77. Rb3+ Ka2 78.
Rb6+ Ka3 79. Kc5 Rc3 80. Ra6+ Kb2 81. Ra2+ Kb1 82. Rf2 Kc1 83. Kd4 Rc2 84. Rf3
Rd2+ 85. Bd3 Kb2 86. Rf6 Rh2 87. Rb6+ Ka3 88. Kc3 Rh4 89. Rb1 Rh2 90. Bf5 Ka4
91. Rb4+ Ka5 92. Bd3 Rh5 93. Rb8 Rc5+ 94. Kd4 Rh5 95. Bc4 Rg5 96. Bd5 Ka4 97.
Be4 Rg4 98. Kd5 Ka3 99. Re8 Kb4 100. Kd4 Rh4 101. Rb8+ Ka4 102. Kd3 Ka5 103.
Bd5 Rg4 104. Bc4 Ka4 105. Kc3 Rg5 106. Rb6 Rc5 107. Rb2 Ka5 108. Kd4 Rh5 109.
Bd5 Ka4 110. Kc5 Rh3 111. Ra2+ Ra3 112. Rh2 Rg3 113. Bc6+ Ka3 114. Bd5 Ka4
1/2-1/2

[Event "FBL 1"]
[Site "Deutschland"]
[Date "2010.03.14"]
[Round "9.2"]
[White "Chlost, Marlena"]
[Black "Mader, Manuela"]
[Result "1-0"]
[WhiteElo "2171"]
[BlackElo "2185"]
[PlyCount "75"]
[EventDate "2009.11.07"]
[EventType "team"]
[EventCountry "GER"]
[WhiteTeam "SAV Torgelow"]
[BlackTeam "Karlsruher SF 1853"]

1. e4 c6 2. c4 d5 3. exd5 cxd5 4. cxd5 Nf6 5. Nc3 Nxd5 6. Nf3 e6 7. Ne5 Nc6 8.
Bb5 Qd6 9. d4 Bd7 10. Nxd7 Qxd7 11. O-O Be7 12. Qg4 Nf6 13. Qf3 O-O 14. Bxc6
bxc6 15. Be3 Rab8 16. Na4 Nd5 17. Rac1 Rfc8 18. a3 Rb3 19. Rc2 Qb7 20. Qe2 Rb8
21. Bc1 a5 22. Qc4 Rc8 23. Bd2 Rb5 24. Qe2 Nb6 25. Nc3 Rb3 26. Ne4 Na4 27. Bc1
Rb8 28. Nd2 Rb5 29. Nc4 Rd5 30. Bd2 Qa7 31. Ne5 Rxb2 32. Nxc6 Qd7 33. Nxe7+
Qxe7 34. Rxb2 Nxb2 35. Rb1 Qxa3 36. Bc1 Rxd4 37. Bxb2 Qb4 38. Qc2 1-0

[Event "FBL 1"]
[Site "Deutschland"]
[Date "2010.03.14"]
[Round "9.3"]
[White "Lauterbach, Ingrid"]
[Black "Pfau, Beate"]
[Result "1/2-1/2"]
[WhiteElo "2163"]
[BlackElo "2131"]
[PlyCount "42"]
[EventDate "2009.11.07"]
[EventType "team"]
[EventCountry "GER"]
[WhiteTeam "Karlsruher SF 1853"]
[BlackTeam "SAV Torgelow"]

1. e4 c5 2. Nf3 g6 3. g3 Bg7 4. Bg2 Nc6 5. O-O Nf6 6. Re1 O-O 7. c3 d6 8. d4
Bg4 9. h3 Bxf3 10. Bxf3 cxd4 11. cxd4 Qb6 12. e5 dxe5 13. dxe5 Rfd8 14. Nd2 Ne8
15. Bxc6 bxc6 16. Qe2 Nc7 17. Nc4 Qb5 18. b3 a5 19. Bb2 a4 20. Qc2 axb3 21.
axb3 Ne6 1/2-1/2

[Event "FBL 1"]
[Site "Deutschland"]
[Date "2010.03.14"]
[Round "9.4"]
[White "Janotta, Steffi"]
[Black "Nill, Jessica"]
[Result "0-1"]
[WhiteElo "2061"]
[BlackElo "2237"]
[PlyCount "68"]
[EventDate "2009.11.07"]
[EventType "team"]
[EventCountry "GER"]
[WhiteTeam "SAV Torgelow"]
[BlackTeam "Karlsruher SF 1853"]

1. e4 c5 2. Nf3 e6 3. d4 cxd4 4. Nxd4 Nc6 5. Nb5 d6 6. Bf4 e5 7. Be3 a6 8. N5c3
b5 9. Nd5 Rb8 10. Be2 Be6 11. O-O Be7 12. f4 exf4 13. Bxf4 Ne5 14. Nbc3 b4 15.
Nxe7 Nxe7 16. Nd5 O-O 17. Nxe7+ Qxe7 18. Qd4 Rfc8 19. Bd3 f6 20. Rf2 a5 21. Rd2
Rc6 22. h3 Rbc8 23. Bb5 Rxc2 24. Qxd6 Qxd6 25. Rxd6 Bc4 26. Ba6 Bxa6 27. Rxa6
Nd3 28. Be3 Nxb2 29. Ra7 a4 30. Rf1 R2c7 31. Rf2 Nd1 32. Rxc7 Rxc7 33. Bf4 Nxf2
34. Bxc7 b3 0-1

[Event "FBL 1"]
[Site "Deutschland"]
[Date "2010.03.14"]
[Round "9.5"]
[White "Vidonyak, Nellya"]
[Black "Haack, Karin"]
[Result "1-0"]
[WhiteElo "2175"]
[BlackElo "2022"]
[PlyCount "101"]
[EventDate "2009.11.07"]
[EventType "team"]
[EventCountry "GER"]
[WhiteTeam "Karlsruher SF 1853"]
[BlackTeam "SAV Torgelow"]

1. d4 Nf6 2. Nf3 g6 3. Nbd2 d5 4. b4 Bg7 5. e3 O-O 6. Bb2 Nbd7 7. c4 dxc4 8.
Nxc4 Nb6 9. Nce5 a5 10. b5 Nfd7 11. Nd3 Nc4 12. Bc3 Ndb6 13. Rc1 Be6 14. Nc5
Qc8 15. Be2 Rd8 16. O-O Bg4 17. Ba1 Nd6 18. a4 Nd5 19. Qb3 Nf6 20. Nd3 Nfe4 21.
Qc2 Ne8 22. Nde5 Bxf3 23. Bxf3 Ng5 24. Bg4 Ne6 25. Nd3 h5 26. Bh3 f5 27. Qa2
Kh7 28. g3 Ng5 29. Bg2 Rb8 30. Nf4 Qd7 31. h4 Ne4 32. Qf7 Qd6 33. Ne6 Rd7 34.
Nf8+ Kh6 35. Nxd7 Qxd7 36. Bxe4 fxe4 37. Qf4+ Kh7 38. Qxe4 Nf6 39. Qg2 Nd5 40.
e4 Nb4 41. d5 Bh6 42. f4 c6 43. dxc6 bxc6 44. Rfd1 Qe6 45. Be5 Rc8 46. b6 Rg8
47. b7 Na6 48. Qe2 Nb8 49. Qc4 Qg4 50. Kg2 Rf8 51. Rd8 1-0

[Event "FBL 1"]
[Site "Deutschland"]
[Date "2010.03.14"]
[Round "9.6"]
[White "Hippe, Franziska"]
[Black "Heinatz, Maria"]
[Result "0-1"]
[WhiteElo "1950"]
[BlackElo "1917"]
[PlyCount "162"]
[EventDate "2009.11.07"]
[EventType "team"]
[EventCountry "GER"]
[WhiteTeam "SAV Torgelow"]
[BlackTeam "Karlsruher SF 1853"]

1. e4 c5 2. Nf3 e6 3. d4 cxd4 4. Nxd4 a6 5. Bd3 Bc5 6. Nb3 Be7 7. Qg4 Bf6 8.
Qe2 d6 9. a4 Qc7 10. O-O b6 11. N1d2 Ne7 12. f4 Nd7 13. Nf3 Bb7 14. Ng5 Bxg5
15. fxg5 Ne5 16. Qf2 O-O 17. Be3 Nxd3 18. cxd3 b5 19. axb5 axb5 20. Rxa8 Bxa8
21. Bb6 Qd7 22. Nd4 Nc6 23. Nxb5 Ne5 24. Nc7 Nxd3 25. Qd4 Ne5 26. Ra1 Bb7 27.
Rd1 Qc6 28. Qxd6 Qxd6 29. Rxd6 Nc4 30. Nxe6 fxe6 31. Rxe6 Nxb6 32. Rxb6 Bxe4
33. b4 Rf5 34. h4 Rf4 35. h5 Rg4 36. Re6 Bxg2 37. Kf2 Rxg5 38. b5 Bd5 39. Re7
Kf8 40. Rc7 Bh1 41. h6 gxh6 42. Rxh7 h5 43. b6 Rb5 44. Kg3 Kg8 45. Rc7 Rxb6 46.
Rc5 Rh6 47. Kh4 Bf3 48. Kg5 Rd6 49. Rc4 Bg4 50. Rb4 Re6 51. Rb7 Kf8 52. Ra7 Re7
53. Ra8+ Kg7 54. Ra5 Rf7 55. Rb5 Kh7 56. Rb6 Rf5+ 57. Kh4 Kg7 58. Rb7+ Kg6 59.
Rb6+ Rf6 60. Rb5 Rf4 61. Rb6+ Be6+ 62. Kg3 Rg4+ 63. Kf3 Kf6 64. Ra6 Ke5 65. Ra7
Bd5+ 66. Kf2 h4 67. Rh7 Kf6 68. Rh5 Be4 69. Ra5 Kg6 70. Ra6+ Kg5 71. Ra5+ Kf4
72. Rh5 Rg2+ 73. Kf1 Kg4 74. Re5 Bf3 75. Re8 Kh3 76. Re3 Kg3 77. Re8 h3 78.
Rg8+ Bg4 79. Rg7 Rf2+ 80. Ke1 h2 81. Rh7 Rg2 0-1

[Event "FBL 1"]
[Site "Deutschland"]
[Date "2010.03.14"]
[Round "9.1"]
[White "Zatonskih, Anna"]
[Black "Kononenko, Tatiana"]
[Result "1/2-1/2"]
[WhiteElo "2466"]
[BlackElo "2377"]
[PlyCount "60"]
[EventDate "2009.11.07"]
[EventType "team"]
[EventCountry "GER"]
[WhiteTeam "OSG - SG Baden-Baden 1922"]
[BlackTeam "USV Halle"]

1. d4 d5 2. c4 c6 3. Nf3 Nf6 4. Nc3 a6 5. a4 e6 6. Bg5 Be7 7. e3 a5 8. Be2 Na6
9. O-O O-O 10. Qb3 h6 11. Bh4 Nb4 12. Na2 Nxa2 13. Qxa2 dxc4 14. Qxc4 Nd7 15.
Bg3 Bb4 16. Rfd1 Qe7 17. Rac1 Nb6 18. Qc2 Bd7 19. e4 Rac8 20. Ne5 Be8 21. Nc4
Nxc4 22. Bxc4 Bd7 23. Qd3 Rfd8 24. Bb3 c5 25. e5 cxd4 26. Bc2 g6 27. Bf4 Qh4
28. Bg3 Qe7 29. Bf4 Qh4 30. Bg3 Qe7 1/2-1/2

[Event "FBL 1"]
[Site "Deutschland"]
[Date "2010.03.14"]
[Round "9.2"]
[White "Madl, Ildiko"]
[Black "Borulya, Ekaterina Uriivna"]
[Result "1/2-1/2"]
[WhiteElo "2390"]
[BlackElo "2296"]
[PlyCount "64"]
[EventDate "2009.11.07"]
[EventType "team"]
[EventCountry "GER"]
[WhiteTeam "USV Halle"]
[BlackTeam "OSG - SG Baden-Baden 1922"]

1. e4 c5 2. Nf3 e6 3. c4 Nc6 4. Nc3 e5 5. g3 d6 6. Bg2 g6 7. O-O Bg7 8. d3 Nge7
9. Nd5 O-O 10. Rb1 Bd7 11. a3 a5 12. b3 Nxd5 13. exd5 Nd4 14. Nxd4 exd4 15. Bf4
Be5 16. Bxe5 dxe5 17. f4 exf4 18. Rxf4 Qg5 19. Qd2 b6 20. Qf2 f5 21. h4 Qf6 22.
Re1 Rae8 23. Rxe8 Rxe8 24. Re4 Rxe4 25. Bxe4 Qe5 26. Bg2 Kg7 27. a4 Kf6 28. Qf4
Qxf4 29. gxf4 h6 30. Kf2 g5 31. hxg5+ hxg5 32. Kg3 Be8 1/2-1/2

[Event "FBL 1"]
[Site "Deutschland"]
[Date "2010.03.14"]
[Round "9.3"]
[White "Klink, Tamara"]
[Black "Lakos, Nikoletta"]
[Result "1/2-1/2"]
[WhiteElo "2289"]
[BlackElo "2292"]
[PlyCount "79"]
[EventDate "2009.11.07"]
[EventType "team"]
[EventCountry "GER"]
[WhiteTeam "OSG - SG Baden-Baden 1922"]
[BlackTeam "USV Halle"]

1. e4 c5 2. Nf3 e6 3. d4 cxd4 4. Nxd4 Nf6 5. Nc3 d6 6. g4 h6 7. h3 a6 8. Bg2
Qc7 9. O-O g5 10. f4 gxf4 11. Bxf4 Nfd7 12. Rf2 Ne5 13. Qe2 Nbd7 14. Raf1 b5
15. Nf3 b4 16. Nd1 a5 17. Qd2 Ba6 18. Re1 Nc4 19. Qc1 Nce5 20. Bf1 Bxf1 21.
Rexf1 Rc8 22. Nxe5 dxe5 23. Be3 Rh7 24. Rd2 Bc5 25. Bxc5 Qxc5+ 26. Nf2 f6 27.
Qd1 Nb6 28. Qf3 Nc4 29. Re2 Rf7 30. b3 Na3 31. Kg2 Nxc2 32. Nd3 Nd4 33. Qe3 Qb5
34. Rd2 Rc3 35. Rfd1 Qc6 36. Kg3 Ke7 37. Re1 Qb7 38. Red1 Qc6 39. Re1 Qb5 40.
Red1 1/2-1/2

[Event "FBL 1"]
[Site "Deutschland"]
[Date "2010.03.14"]
[Round "9.5"]
[White "Mietzner, Tina"]
[Black "Belic, Jordanka"]
[Result "0-1"]
[WhiteElo "2246"]
[BlackElo "2313"]
[PlyCount "120"]
[EventDate "2009.11.07"]
[EventType "team"]
[EventCountry "GER"]
[WhiteTeam "OSG - SG Baden-Baden 1922"]
[BlackTeam "USV Halle"]

1. e4 c5 2. Nf3 Nc6 3. d4 cxd4 4. Nxd4 g6 5. Nc3 Bg7 6. Be3 d6 7. Bc4 Nf6 8. f3
Bd7 9. Bb3 a5 10. a4 O-O 11. O-O Rc8 12. Qd2 Nxd4 13. Bxd4 Be6 14. Bxe6 fxe6
15. Qe3 Nd7 16. Bxg7 Kxg7 17. Rf2 Qb6 18. Qxb6 Nxb6 19. Nb5 e5 20. b3 Kf7 21.
Rd1 Ke6 22. Rfd2 Rc6 23. Kf2 Nd7 24. Ke3 Nc5 25. h4 Kd7 26. Rd5 Ke6 27. Na3
Rfc8 28. g3 b6 29. f4 Nd7 30. c4 Rc5 31. fxe5 Nxe5 32. Rf1 Ng4+ 33. Kd3 Nf6 34.
Rxc5 bxc5 35. Nb5 Ke5 36. Na7 Rc7 37. Nb5 Rb7 38. Rf4 h6 39. Ke3 Rb6 40. g4 h5
41. gxh5 gxh5 42. Rf5+ Ke6 43. Kf4 Kd7 44. e5 dxe5+ 45. Rxe5 Re6 46. Rxc5 Re4+
47. Kf5 Rxh4 48. Rc7+ Kd8 49. Ra7 Rh1 50. Nd4 Nd7 51. Nc6+ Ke8 52. Ra8+ Kf7 53.
Nd8+ Kg7 54. Ne6+ Kf7 55. Ng5+ Kg7 56. Ra7 Rf1+ 57. Ke6 Nc5+ 58. Kxe7 Nxb3 59.
Ne6+ Kg6 60. Rb7 Rf7+ 0-1

[Event "FBL 1"]
[Site "Deutschland"]
[Date "2010.03.14"]
[Round "9.1"]
[White "Markgraf, Claudia"]
[Black "Steinbacher, Claudia"]
[Result "1-0"]
[WhiteElo "2040"]
[BlackElo "2158"]
[PlyCount "75"]
[EventDate "2009.11.07"]
[EventType "team"]
[EventCountry "GER"]
[WhiteTeam "SK Lehrte"]
[BlackTeam "Rodewischer Schachmiezen"]

1. e4 c5 2. Nc3 Nc6 3. g3 g6 4. Bg2 Bg7 5. d3 d6 6. Be3 e5 7. Qd2 Nge7 8. Bh6
O-O 9. h4 Nd4 10. h5 f6 11. hxg6 hxg6 12. Bxg7 Kxg7 13. Qh6+ Kf7 14. O-O-O Be6
15. Qh7+ Ke8 16. Nd5 Bxd5 17. exd5 Rf7 18. Qh6 Kd7 19. g4 Qa5 20. c3 Nb5 21.
Kb1 g5 22. Ne2 Nc7 23. c4 b5 24. Nc3 Rb8 25. Ne4 Rbf8 26. f4 exf4 27. d4 cxd4
28. c5 Nexd5 29. Nxd6 Nb4 30. a3 Nc6 31. Nxf7 Rxf7 32. Qg6 Ne5 33. Qf5+ Ke7 34.
Rxd4 Ne6 35. Rd5 Nc7 36. Rd6 b4 37. Qc8 Ne8 38. Re6+ 1-0

[Event "FBL 1"]
[Site "Deutschland"]
[Date "2010.03.14"]
[Round "9.2"]
[White "Winkelmann, Elena"]
[Black "Zschischang, Marine"]
[Result "1-0"]
[WhiteElo "2119"]
[BlackElo "2089"]
[PlyCount "69"]
[EventDate "2009.11.07"]
[EventType "team"]
[EventCountry "GER"]
[WhiteTeam "Rodewischer Schachmiezen"]
[BlackTeam "SK Lehrte"]

1. c4 e6 2. d4 d5 3. Nc3 c6 4. Nf3 Nf6 5. Bg5 Be7 6. e3 O-O 7. Qc2 Nbd7 8. Bd3
h6 9. Bh4 Re8 10. O-O Bd6 11. e4 dxe4 12. Nxe4 Be7 13. Bg3 Nh5 14. Rad1 Nxg3
15. hxg3 Nf6 16. Ne5 Qc7 17. f4 Rd8 18. g4 Nxe4 19. Bxe4 Bf6 20. c5 Bd7 21.
Bh7+ Kf8 22. g5 Bxe5 23. fxe5 Be8 24. gxh6 gxh6 25. Qg6 Ke7 26. Qf6+ Kd7 27.
Bg8 Qa5 28. Bxf7 Qxa2 29. d5 cxd5 30. Bxe6+ Kc7 31. Qe7+ Kc6 32. Bxd5+ Rxd5 33.
Rf6+ Kb5 34. Qxb7+ Kxc5 35. b4+ 1-0

[Event "FBL 1"]
[Site "Deutschland"]
[Date "2010.03.14"]
[Round "9.3"]
[White "Schulze, Dorothee"]
[Black "Kubikova, Alena"]
[Result "1/2-1/2"]
[WhiteElo "1980"]
[BlackElo "2123"]
[PlyCount "128"]
[EventDate "2009.11.07"]
[EventType "team"]
[EventCountry "GER"]
[WhiteTeam "SK Lehrte"]
[BlackTeam "Rodewischer Schachmiezen"]

1. e4 e6 2. d4 d5 3. Nd2 dxe4 4. Nxe4 Nd7 5. g3 Ngf6 6. Nxf6+ Nxf6 7. Bg2 c5 8.
Ne2 Qb6 9. O-O Bd7 10. c4 cxd4 11. Nxd4 Bc5 12. Nb3 Be7 13. Be3 Qc7 14. Qe2 Bc6
15. Nd4 Bxg2 16. Kxg2 a6 17. Rad1 O-O 18. Bf4 Qc5 19. Rfe1 Rad8 20. Be3 Qc7 21.
b3 Bb4 22. Rh1 e5 23. Nc2 Qc6+ 24. Qf3 e4 25. Qe2 Bc3 26. Rxd8 Rxd8 27. Rd1 Rd3
28. Nd4 Bxd4 29. Bxd4 Nd7 30. Kg1 Rxd1+ 31. Qxd1 Qd6 32. Qa1 f6 33. Qc3 h6 34.
Kg2 Nf8 35. Be3 Ne6 36. Qd2 Qc6 37. Kf1 Kf7 38. Ke2 f5 39. h4 Ke7 40. Qa5 Kf6
41. Qc3+ Ke7 42. Qe5 Qd6 43. Qc3 g5 44. hxg5 hxg5 45. Qd2 f4 46. Qxd6+ Kxd6 47.
Bc1 Nd4+ 48. Kd2 e3+ 49. fxe3 fxg3 50. Ke1 g2 51. Ba3+ Kc6 52. Kf2 Nc2 53. Be7
Nxe3 54. Bxg5 Nd1+ 55. Kxg2 Nc3 56. a3 b5 57. cxb5+ Kxb5 58. Kf3 a5 59. Bd2 Nb1
60. a4+ Kb6 61. Be1 Na3 62. Ke4 Nc2 63. Bf2+ Kc6 64. Kd3 Na1 1/2-1/2

[Event "FBL 1"]
[Site "Deutschland"]
[Date "2010.03.14"]
[Round "9.4"]
[White "Kubikova, Hanna"]
[Black "Saal, Hilkka"]
[Result "1/2-1/2"]
[WhiteElo "2146"]
[BlackElo "1695"]
[PlyCount "56"]
[EventDate "2009.11.07"]
[EventType "team"]
[EventCountry "GER"]
[WhiteTeam "Rodewischer Schachmiezen"]
[BlackTeam "SK Lehrte"]

1. d4 Nf6 2. Nf3 g6 3. c4 Bg7 4. g3 O-O 5. Bg2 d6 6. O-O Nbd7 7. Qc2 c5 8. d5
Rb8 9. a4 a6 10. Nc3 Nb6 11. Nd2 e5 12. dxe6 Bxe6 13. b3 d5 14. a5 d4 15. axb6
dxc3 16. Nb1 Qxb6 17. Nxc3 Bf5 18. e4 Nxe4 19. Bxe4 Bxe4 20. Nxe4 Bxa1 21. Bf4
Bd4 22. Bxb8 Rxb8 23. Re1 Qa5 24. Re2 Rd8 25. Kg2 Qb6 26. h4 Qc6 27. Kg1 Qc8
28. Kg2 Qc6 1/2-1/2